| 000 | | | 03773nmc2a22000003x 450 |
| 001 | | | b3345926-7233-41f4-90be-8a4f070d1cfd |
| 005 | | | 20180711143906.0 |
| 100 | ## | $a | 20160412l19001909k l0rusy0189 ca |
| 101 | 0# | $a | rus |
| 102 | ## | $a | RU |
| 200 | 1# | $a | Справка о практических мерах для улучшения азовских портов |
| | $j | [1900-ые гг.] |
| 251 | ## | $c | Дело |
| 300 | ## | $a | Дело |
| 801 | #0 | $a | RU |
| | $b | РГИА |
| | $c | 20160412 |
| | $g | RCR |
| 801 | #1 | $a | RU |
| | $b | ГлавНИВЦ |
| | $c | 20160412 |
| | $2 | rusmarc |
| 801 | #2 | $a | RU |
| | $b | ПБ им. Б.Н. Ельцина |
| | $c | 20180711 |
| | $g | RCR |
| | $2 | rusmarc |
| 850 | ## | $a | РГИА |
| 852 | ## | $a | РГИА |
| | $e | Федеральное казенное учреждение "Российский государственный исторический архив" (РГИА) |
| | $j | 16 |
| 937 | ## | $h | РГИА |
| | $d | 12201651 |
| | $a | ASBIBLIO_SCAN |
| 462 | #0 | $1 | 001598918bb-e06f-44fc-b0ad-5749990e2656 |
| | $1 | 2001 |
| | $a | Личные документы Н. Н. Беклемешева и материалы по вопросам мореплавания и флота |
| | $1 | 251 |
| | $c | Опись |
| | $1 | 852 |
| | $j | 1 |
| 461 | #0 | $1 | 001c6673287-3d79-401c-8113-ced7c102e87e |
| | $1 | 2001 |
| | $a | Беклемишев Николай Николаевич (1857 - не ранее 1917 гг.), начальник Отдела торговых портов Главного управления торгового мореплавания и портов (1903 – 1905), редактор журнала "Море" |
| | $1 | 251 |
| | $c | Фонд |
| | $1 | 852 |
| | $j | 896 |
| 215 | ## | $a | 1 л. |
| | $d | 36,5х26 см |
| 371 | ## | $a | Документ не является опубликованным и широко распространяемым |
| 105 | ## | $a | y### |
| 122 | 2# | $a | d |
| 035 | ## | $a | b3345926-7233-41f4-90be-8a4f070d1cfd |
| 856 | ## | $u | http://readingroom.main.prlib.ru/item.aspx?id_node=n117132039&mode=full |